Lịch và niên biểu lịch sử hai mươi thế kỷ (0001 - 2010) /

Saved in:
Bibliographic Details
Main Author: Lê Thành Lân
Format: Book (Paper)
Language:Vietnamese
Published: Hà Nội : Thống kê , 2000
Tags: Add Tag
No Tags, Be the first to tag this record!
Institutions: Thư viện Trường Đại học Đà Lạt
LEADER 00592nam a2200241 4500
001 DLU020017191
005 ##3/21/2001
020 # # |a 978- 
041 # # |a vie 
082 # # |a 529.3  |b LE-L 
100 # # |a Lê Thành Lân 
245 # # |a Lịch và niên biểu lịch sử hai mươi thế kỷ (0001 - 2010) /  |c Lê Thành Lân 
260 # # |a Hà Nội :  |b Thống kê ,  |c 2000 
300 # # |a 536 tr.;   |c 19 cm. 
992 # # |a 75000 
994 # # |a DLU 
900 # # |a False 
911 # # |a Administrator 
925 # # |a G 
926 # # |a A 
927 # # |a SH 
980 # # |a Thư viện Trường Đại học Đà Lạt